[Event "DEM U14w 2021"]
[Site "Willingen GER"]
[Date "2021.08.23"]
[Round "2"]
[White "Malmström, Eva"]
[Black "Stepanjan, Marianne"]
[Result "1-0"]
[Termination "normal"]
[Board "11"]
[WhiteElo "1348"]
[BlackElo "1392"]
[WhiteClock "01:27:16"]
[BlackClock "00:06:17"]
[PlyCount "111"]
[WhiteFideId "34607072"]
[BlackFideId "16246110"]
[EventCountry "GER"]
[EventRounds "9"]
[EventType "swiss"]
[EventDate "2021.08.22"]

1. e4 {[%clk 01:30:56]} {[%emt 00:00:03]} c5 {[%clk 01:30:54]} {[%emt
00:00:07]} 2. Nf3 {[%clk 01:31:00]} {[%emt 00:00:26]} d6 {[%clk 01:31:20]}
{[%emt 00:00:05]} 3. Bc4 {[%clk 01:30:28]} {[%emt 00:01:00]} Nf6 {[%clk
01:31:21]} {[%emt 00:00:29]} 4. Ng5 {[%clk 01:29:49]} {[%emt 00:01:09]} e6
{[%clk 01:31:07]} {[%emt 00:00:45]} 5. d3 {[%clk 01:29:25]} {[%emt 00:00:54]}
h6 {[%clk 01:29:07]} {[%emt 00:02:30]} 6. Nf3 {[%clk 01:29:19]} {[%emt
00:00:35]} Nbd7 {[%clk 01:26:09]} {[%emt 00:03:30]} 7. Nc3 {[%clk 01:28:29]}
{[%emt 00:01:19]} Be7 {[%clk 01:25:19]} {[%emt 00:01:20]} 8. O-O {[%clk
01:27:47]} {[%emt 00:01:12]} a6 {[%clk 01:24:48]} {[%emt 00:01:03]} 9. a3
{[%clk 01:27:12]} {[%emt 00:01:03]} b5 {[%clk 01:24:03]} {[%emt 00:01:16]} 10.
Ba2 {[%clk 01:27:04]} {[%emt 00:00:38]} O-O {[%clk 01:22:22]} {[%emt 00:02:12]}
11. Bf4 {[%clk 01:26:03]} {[%emt 00:01:29]} Nb6 {[%clk 01:14:34]} {[%emt
00:08:12]} 12. e5 {[%clk 01:25:09]} {[%emt 00:01:30]} dxe5 {[%clk 01:11:57]}
{[%emt 00:03:07]} 13. Nxe5 {[%clk 01:25:12]} {[%emt 00:00:27]} Bb7 {[%clk
01:09:08]} {[%emt 00:03:19]} 14. Re1 {[%clk 01:24:46]} {[%emt 00:00:55]} Bd6
{[%clk 00:51:46]} {[%emt 00:17:53]} 15. Nxf7 {[%clk 01:20:39]} {[%emt
00:04:37]} Rxf7 {[%clk 00:49:31]} {[%emt 00:02:46]} 16. Bxd6 {[%clk 01:19:18]}
{[%emt 00:01:51]} Qxd6 {[%clk 00:47:26]} {[%emt 00:02:34]} 17. Bxe6 {[%clk
01:18:47]} {[%emt 00:01:00]} Qc6 {[%clk 00:45:05]} {[%emt 00:02:48]} 18. f3
{[%clk 01:15:53]} {[%emt 00:03:27]} Raf8 {[%clk 00:36:44]} {[%emt 00:08:53]}
19. Qe2 {[%clk 01:13:42]} {[%emt 00:02:40]} Nbd5 {[%clk 00:29:13]} {[%emt
00:08:02]} 20. Nxd5 {[%clk 01:13:07]} {[%emt 00:01:05]} Nxd5 {[%clk 00:28:57]}
{[%emt 00:00:45]} 21. Bxf7+ {[%clk 01:12:32]} {[%emt 00:01:05]} Rxf7 {[%clk
00:18:11]} {[%emt 00:11:17]} 22. Qe8+ {[%clk 01:12:13]} {[%emt 00:00:48]} Qxe8
{[%clk 00:16:51]} {[%emt 00:01:50]} 23. Rxe8+ {[%clk 01:12:24]} {[%emt
00:00:19]} Rf8 {[%clk 00:17:00]} {[%emt 00:00:23]} 24. Rae1 {[%clk 01:11:57]}
{[%emt 00:00:56]} Kf7 {[%clk 00:16:01]} {[%emt 00:01:28]} 25. Rxf8+ {[%clk
01:11:14]} {[%emt 00:01:14]} Kxf8 {[%clk 00:16:25]} {[%emt 00:00:06]} 26. Re5
{[%clk 01:11:27]} {[%emt 00:00:16]} Kf7 {[%clk 00:15:39]} {[%emt 00:01:18]} 27.
c4 {[%clk 01:11:23]} {[%emt 00:00:34]} bxc4 {[%clk 00:13:36]} {[%emt 00:02:34]}
28. dxc4 {[%clk 01:11:39]} {[%emt 00:00:13]} Kf6 {[%clk 00:13:18]} {[%emt
00:00:48]} 29. Rh5 {[%clk 01:11:04]} {[%emt 00:01:04]} g6 {[%clk 00:12:04]}
{[%emt 00:01:45]} 30. Rxh6 {[%clk 01:08:06]} {[%emt 00:03:28]} Kg7 {[%clk
00:10:18]} {[%emt 00:02:16]} 31. Rh4 {[%clk 01:07:39]} {[%emt 00:00:57]} Ne3
{[%clk 00:09:29]} {[%emt 00:01:15]} 32. b4 {[%clk 01:07:13]} {[%emt 00:00:59]}
Nf5 {[%clk 00:08:02]} {[%emt 00:01:56]} 33. Rf4 {[%clk 01:06:59]} {[%emt
00:00:45]} cxb4 {[%clk 00:07:52]} {[%emt 00:00:40]} 34. axb4 {[%clk 01:07:08]}
{[%emt 00:00:22]} Kf6 {[%clk 00:07:36]} {[%emt 00:00:34]} 35. g4 {[%clk
01:06:01]} {[%emt 00:01:47]} Ke5 {[%clk 00:06:03]} {[%emt 00:02:05]} 36. gxf5
{[%clk 01:05:13]} {[%emt 00:01:18]} Kxf4 {[%clk 00:06:27]} {[%emt 00:00:05]}
37. fxg6 {[%clk 01:05:32]} {[%emt 00:00:11]} Bc8 {[%clk 00:06:35]} {[%emt
00:00:22]} 38. Kg2 {[%clk 01:05:14]} {[%emt 00:00:48]} Be6 {[%clk 00:05:44]}
{[%emt 00:01:22]} 39. c5 {[%clk 01:04:44]} {[%emt 00:01:00]} Kg5 {[%clk
00:04:58]} {[%emt 00:01:15]} 40. Kg3 {[%clk 01:04:45]} {[%emt 00:00:28]} Kxg6
{[%clk 00:05:17]} {[%emt 00:00:12]} 41. Kf4 {[%clk 01:04:52]} {[%emt 00:00:23]}
Kf6 {[%clk 00:02:35]} {[%emt 00:03:12]} 42. h4 {[%clk 01:04:41]} {[%emt
00:00:41]} Bf5 {[%clk 00:02:00]} {[%emt 00:01:05]} 43. h5 {[%clk 01:04:01]}
{[%emt 00:01:09]} Bd7 {[%clk 00:26:55]} {[%emt 00:05:36]} 44. h6 {[%clk
01:32:53]} {[%emt 00:01:38]} Bc6 {[%clk 00:23:03]} {[%emt 00:04:21]} 45. h7
{[%clk 01:29:36]} {[%emt 00:03:47]} Kg7 {[%clk 00:23:23]} {[%emt 00:00:10]} 46.
Ke5 {[%clk 01:27:10]} {[%emt 00:02:56]} Bxf3 {[%clk 00:22:44]} {[%emt
00:01:09]} 47. Kd6 {[%clk 01:27:23]} {[%emt 00:00:17]} Kxh7 {[%clk 00:22:46]}
{[%emt 00:00:28]} 48. c6 {[%clk 01:27:40]} {[%emt 00:00:13]} Kg7 {[%clk
00:23:07]} {[%emt 00:00:10]} 49. c7 {[%clk 01:27:50]} {[%emt 00:00:20]} Bb7
{[%clk 00:10:51]} {[%emt 00:12:47]} 50. Kd7 {[%clk 01:27:32]} {[%emt 00:00:46]}
Kf6 {[%clk 00:09:25]} {[%emt 00:01:56]} 51. c8=Q {[%clk 01:26:59]} {[%emt
00:01:03]} Bxc8+ {[%clk 00:09:49]} {[%emt 00:00:07]} 52. Kxc8 {[%clk 01:27:16]}
{[%emt 00:00:13]} Ke6 {[%clk 00:08:39]} {[%emt 00:01:39]} 53. Kb7 {[%clk
01:27:16]} {[%emt 00:00:30]} Kd7 {[%clk 00:06:56]} {[%emt 00:02:13]} 54. Kxa6
{[%clk 01:27:24]} {[%emt 00:00:22]} Kc7 {[%clk 00:06:50]} {[%emt 00:00:37]} 55.
b5 {[%clk 01:27:39]} {[%emt 00:00:15]} Kb8 {[%clk 00:06:17]} {[%emt 00:01:02]}
56. Kb6 {[%clk 01:27:16]} {[%emt 00:00:54]} 1-0

[Event "DEM U14w 2021"]
[Site "Willingen GER"]
[Date "2021.08.23"]
[Round "2"]
[White "Fischer, Juliane"]
[Black "Fiedler, Annabelle"]
[Result "1-0"]
[Termination "normal"]
[Board "12"]
[WhiteElo "1486"]
[BlackElo "937"]
[WhiteClock "00:39:56"]
[BlackClock "00:56:51"]
[PlyCount "113"]
[WhiteFideId "16290135"]
[BlackFideId "34605835"]
[EventCountry "GER"]
[EventRounds "9"]
[EventType "swiss"]
[EventDate "2021.08.22"]

1. e4 {[%clk 01:30:56]} {[%emt 00:00:03]} c5 {[%clk 01:30:55]} {[%emt
00:00:05]} 2. Nc3 {[%clk 01:31:17]} {[%emt 00:00:09]} Nc6 {[%clk 01:31:15]}
{[%emt 00:00:10]} 3. f4 {[%clk 01:31:38]} {[%emt 00:00:09]} d6 {[%clk
01:30:01]} {[%emt 00:01:45]} 4. Nf3 {[%clk 01:31:58]} {[%emt 00:00:10]} g6
{[%clk 01:29:38]} {[%emt 00:00:52]} 5. Bc4 {[%clk 01:31:31]} {[%emt 00:00:56]}
Nf6 {[%clk 01:29:02]} {[%emt 00:01:06]} 6. d3 {[%clk 01:31:22]} {[%emt
00:00:39]} Bg7 {[%clk 01:28:05]} {[%emt 00:01:27]} 7. O-O {[%clk 01:31:01]}
{[%emt 00:00:51]} O-O {[%clk 01:28:32]} {[%emt 00:00:05]} 8. a3 {[%clk
01:30:11]} {[%emt 00:01:19]} Nd4 {[%clk 01:27:16]} {[%emt 00:01:47]} 9. Nxd4
{[%clk 01:26:11]} {[%emt 00:04:28]} cxd4 {[%emt 00:00:44]} 10. Ne2 {[%clk
01:25:42]} {[%emt 00:00:32]} d5 {[%clk 01:27:03]} {[%emt 00:00:57]} 11. exd5
{[%clk 01:21:14]} {[%emt 00:04:57]} Nxd5 {[%clk 01:26:59]} {[%emt 00:00:34]}
12. Ng3 {[%clk 01:16:13]} {[%emt 00:05:30]} Ne3 {[%clk 01:26:15]} {[%emt
00:01:14]} 13. Bxe3 {[%clk 01:16:17]} {[%emt 00:00:26]} dxe3 {[%clk 01:26:38]}
{[%emt 00:00:08]} 14. c3 {[%clk 01:15:24]} {[%emt 00:01:22]} Qb6 {[%clk
01:25:58]} {[%emt 00:01:11]} 15. Qe2 {[%clk 01:15:39]} {[%emt 00:00:15]} e5
{[%clk 01:19:20]} {[%emt 00:07:08]} 16. f5 {[%clk 01:13:14]} {[%emt 00:02:55]}
Bh6 {[%clk 01:17:45]} {[%emt 00:02:06]} 17. Rad1 {[%clk 01:06:28]} {[%emt
00:07:15]} Bf4 {[%clk 01:15:50]} {[%emt 00:02:25]} 18. fxg6 {[%clk 01:05:38]}
{[%emt 00:01:20]} Qxg6 {[%clk 01:15:02]} {[%emt 00:01:18]} 19. Bd5 {[%clk
00:58:22]} {[%emt 00:07:44]} Bg4 {[%clk 01:12:14]} {[%emt 00:03:20]} 20. Bf3
{[%clk 00:58:26]} {[%emt 00:00:27]} Bd7 {[%emt 00:02:55]} 21. d4 {[%clk
00:48:55]} {[%emt 00:09:58]} Ba4 {[%clk 01:07:24]} {[%emt 00:02:58]} 22. Rc1
{[%clk 00:48:25]} {[%emt 00:01:00]} Rad8 {[%clk 01:06:58]} {[%emt 00:00:56]}
23. dxe5 {[%clk 00:47:01]} {[%emt 00:01:55]} Rd2 {[%clk 01:06:58]} {[%emt
00:00:31]} 24. Qc4 {[%clk 00:46:50]} {[%emt 00:00:39]} Bc2 {[%clk 01:04:30]}
{[%emt 00:03:00]} 25. Qxf4 {[%clk 00:46:18]} {[%emt 00:01:01]} Qb6 {[%clk
01:03:23]} {[%emt 00:01:37]} 26. Qg5+ {[%clk 00:43:15]} {[%emt 00:03:32]} Kh8
{[%clk 01:03:22]} {[%emt 00:00:32]} 27. Qf6+ {[%clk 00:42:58]} {[%emt
00:00:47]} Qxf6 {[%clk 01:02:34]} {[%emt 00:01:19]} 28. exf6 {[%clk 00:43:22]}
{[%emt 00:00:06]} Rfd8 {[%clk 01:01:17]} {[%emt 00:01:46]} 29. Be2 {[%clk
00:42:45]} {[%emt 00:01:07]} Bd3 {[%clk 01:00:46]} {[%emt 00:01:01]} 30. Bxd3
{[%clk 00:41:01]} {[%emt 00:02:14]} R8xd3 {[%clk 01:00:39]} {[%emt 00:00:37]}
31. Rce1 {[%clk 00:39:14]} {[%emt 00:02:13]} Rxb2 {[%emt 00:04:15]} 32. Re2
{[%clk 00:36:07]} {[%emt 00:00:21]} Rb3 {[%clk 00:59:57]} {[%emt 00:00:46]} 33.
Ne4 {[%clk 00:35:28]} {[%emt 00:01:08]} Rxa3 {[%clk 00:59:15]} {[%emt
00:01:13]} 34. Rfe1 {[%clk 00:35:32]} {[%emt 00:00:26]} a5 {[%clk 00:58:15]}
{[%emt 00:01:31]} 35. Rxe3 {[%clk 00:35:51]} {[%emt 00:00:11]} Rxe3 {[%clk
00:58:33]} {[%emt 00:00:12]} 36. Rxe3 {[%clk 00:36:15]} {[%emt 00:00:06]} Ra1+
{[%clk 00:58:54]} {[%emt 00:00:09]} 37. Kf2 {[%clk 00:36:28]} {[%emt 00:00:15]}
Ra2+ {[%clk 00:58:44]} {[%emt 00:00:41]} 38. Re2 {[%clk 00:35:01]} {[%emt
00:01:56]} Rxe2+ {[%clk 00:58:51]} {[%emt 00:00:24]} 39. Kxe2 {[%clk 00:35:26]}
{[%emt 00:00:05]} b5 {[%clk 00:59:06]} {[%emt 00:00:15]} 40. Kd2 {[%clk
00:35:26]} {[%emt 00:00:30]} h5 {[%clk 00:58:32]} {[%emt 00:01:04]} 41. Nd6
{[%clk 00:35:36]} {[%emt 00:00:21]} Kh7 {[%clk 00:57:42]} {[%emt 00:01:20]} 42.
Nxb5 {[%clk 00:35:52]} {[%emt 00:00:13]} Kg6 {[%clk 00:57:56]} {[%emt
00:00:16]} 43. Kc2 {[%clk 00:36:04]} {[%emt 00:00:19]} Kxf6 {[%clk 00:57:50]}
{[%emt 00:00:36]} 44. Kb3 {[%clk 00:36:07]} {[%emt 00:00:28]} Kf5 {[%clk
00:57:40]} {[%emt 00:00:40]} 45. Ka4 {[%clk 00:36:05]} {[%emt 00:00:32]} Ke4
{[%clk 00:57:30]} {[%emt 00:00:41]} 46. Nd6 {[%clk 00:36:23]} {[%emt 00:00:11]}
Kd3 {[%clk 00:57:34]} {[%emt 00:00:26]} 47. c4 {[%clk 00:36:35]} {[%emt
00:00:18]} Kd4 {[%clk 00:57:48]} {[%emt 00:00:15]} 48. Kxa5 {[%clk 00:36:53]}
{[%emt 00:00:13]} Kc5 {[%clk 00:58:00]} {[%emt 00:00:18]} 49. Ka4 {[%clk
00:37:07]} {[%emt 00:00:15]} Kxd6 {[%clk 00:58:18]} {[%emt 00:00:13]} 50. Kb5
{[%clk 00:37:31]} {[%emt 00:00:05]} f5 {[%clk 00:58:23]} {[%emt 00:00:26]} 51.
Kb6 {[%clk 00:37:56]} {[%emt 00:00:05]} Ke7 {[%clk 00:57:07]} {[%emt 00:01:45]}
52. c5 {[%clk 00:38:15]} {[%emt 00:00:11]} Kd8 {[%clk 00:57:24]} {[%emt
00:00:13]} 53. Kb7 {[%clk 00:38:38]} {[%emt 00:00:06]} h4 {[%clk 00:56:37]}
{[%emt 00:01:18]} 54. c6 {[%clk 00:38:57]} {[%emt 00:00:11]} f4 {[%clk
00:56:40]} {[%emt 00:00:27]} 55. c7+ {[%clk 00:39:15]} {[%emt 00:00:11]} Ke7
{[%clk 00:56:53]} {[%emt 00:00:18]} 56. c8=Q {[%clk 00:39:36]} {[%emt
00:00:08]} h3 {[%clk 00:56:51]} {[%emt 00:00:32]} 57. Qxh3 {[%clk 00:39:56]}
{[%emt 00:00:11]} 1-0

[Event "DEM U14w 2021"]
[Site "Willingen GER"]
[Date "2021.08.23"]
[Round "2"]
[White "Marrufo, Emilia"]
[Black "Labuda, Annika"]
[Result "0-1"]
[Termination "normal"]
[Board "13"]
[WhiteElo "1020"]
[BlackElo "1284"]
[WhiteClock "00:43:44"]
[BlackClock "00:04:17"]
[PlyCount "128"]
[WhiteFideId "16287363"]
[BlackFideId "16261453"]
[EventCountry "GER"]
[EventRounds "9"]
[EventType "swiss"]
[EventDate "2021.08.22"]

1. d4 {[%clk 01:30:55]} {[%emt 00:00:05]} d5 {[%clk 01:30:55]} {[%emt
00:00:05]} 2. Bf4 {[%clk 01:31:12]} {[%emt 00:00:13]} Nf6 {[%clk 01:31:18]}
{[%emt 00:00:06]} 3. e3 {[%clk 01:30:32]} {[%emt 00:01:11]} Bf5 {[%clk
01:31:30]} {[%emt 00:00:17]} 4. Nf3 {[%clk 01:29:57]} {[%emt 00:01:06]} e6
{[%clk 01:30:56]} {[%emt 00:01:04]} 5. Nbd2 {[%clk 01:29:33]} {[%emt 00:00:54]}
Bd6 {[%clk 01:30:21]} {[%emt 00:01:05]} 6. Bxd6 {[%clk 01:28:29]} {[%emt
00:01:34]} Qxd6 {[%clk 01:30:23]} {[%emt 00:00:28]} 7. c3 {[%clk 01:27:45]}
{[%emt 00:01:14]} c6 {[%clk 01:23:11]} {[%emt 00:07:42]} 8. Be2 {[%clk
01:25:41]} {[%emt 00:02:34]} O-O {[%clk 01:22:47]} {[%emt 00:00:54]} 9. O-O
{[%clk 01:21:34]} {[%emt 00:04:38]} Nbd7 {[%clk 01:21:23]} {[%emt 00:01:53]}
10. Re1 {[%clk 01:15:10]} {[%emt 00:06:54]} c5 {[%clk 01:00:05]} {[%emt
00:21:49]} 11. Bb5 {[%clk 01:13:50]} {[%emt 00:01:50]} a6 {[%clk 00:52:10]}
{[%emt 00:08:25]} 12. Ba4 {[%clk 01:10:51]} {[%emt 00:03:29]} b5 {[%clk
00:52:13]} {[%emt 00:00:26]} 13. Bc2 {[%clk 01:10:09]} {[%emt 00:01:12]} Bg4
{[%clk 00:45:51]} {[%emt 00:06:51]} 14. e4 {[%clk 01:07:10]} {[%emt 00:03:30]}
dxe4 {[%clk 00:32:35]} {[%emt 00:13:45]} 15. Nxe4 {[%emt 00:02:38]} Nxe4 {[%clk
00:32:25]} {[%emt 00:00:37]} 16. Bxe4 {[%clk 01:04:35]} {[%emt 00:01:00]} Rad8
{[%clk 00:31:41]} {[%emt 00:01:12]} 17. h3 {[%clk 01:00:37]} {[%emt 00:04:28]}
Bxf3 {[%clk 00:31:14]} {[%emt 00:01:00]} 18. Qxf3 {[%clk 01:00:27]} {[%emt
00:00:39]} cxd4 {[%clk 00:30:24]} {[%emt 00:01:21]} 19. Rad1 {[%clk 00:59:18]}
{[%emt 00:01:39]} e5 {[%clk 00:28:57]} {[%emt 00:01:57]} 20. cxd4 {[%clk
00:54:16]} {[%emt 00:05:31]} exd4 {[%clk 00:28:50]} {[%emt 00:00:38]} 21. Qe3
{[%clk 00:53:19]} {[%emt 00:01:25]} dxe3 {[%clk 00:28:28]} {[%emt 00:00:53]}
22. Rxd6 {[%clk 00:53:33]} {[%emt 00:00:16]} exf2+ {[%clk 00:28:48]} {[%emt
00:00:09]} 23. Kxf2 {[%clk 00:53:50]} {[%emt 00:00:12]} Nc5 {[%clk 00:28:02]}
{[%emt 00:01:17]} 24. Rxd8 {[%clk 00:53:18]} {[%emt 00:01:02]} Nxe4+ {[%clk
00:27:23]} {[%emt 00:01:08]} 25. Rxe4 {[%clk 00:53:18]} {[%emt 00:00:30]} Rxd8
{[%clk 00:27:49]} {[%emt 00:00:04]} 26. Kg1 {[%clk 00:51:51]} {[%emt 00:01:57]}
Kf8 {[%clk 00:27:02]} {[%emt 00:01:16]} 27. b3 {[%clk 00:50:25]} {[%emt
00:01:58]} Rd6 {[%clk 00:21:48]} {[%emt 00:05:45]} 28. a4 {[%clk 00:49:32]}
{[%emt 00:01:23]} bxa4 {[%clk 00:19:30]} {[%emt 00:02:47]} 29. Rxa4 {[%clk
00:49:24]} {[%emt 00:00:37]} Rb6 {[%clk 00:19:48]} {[%emt 00:00:12]} 30. b4
{[%clk 00:49:20]} {[%emt 00:00:35]} Ke7 {[%clk 00:19:52]} {[%emt 00:00:25]} 31.
Kf2 {[%clk 00:49:13]} {[%emt 00:00:38]} Ke6 {[%clk 00:19:59]} {[%emt 00:00:23]}
32. Ke3 {[%clk 00:49:21]} {[%emt 00:00:22]} g5 {[%clk 00:17:11]} {[%emt
00:03:17]} 33. g4 {[%clk 00:48:47]} {[%emt 00:01:04]} f5 {[%clk 00:14:55]}
{[%emt 00:02:46]} 34. Kf3 {[%clk 00:48:10]} {[%emt 00:01:07]} h6 {[%clk
00:09:54]} {[%emt 00:05:32]} 35. Kg3 {[%clk 00:47:19]} {[%emt 00:01:21]} f4+
{[%clk 00:08:41]} {[%emt 00:01:43]} 36. Kf3 {[%clk 00:47:21]} {[%emt 00:00:28]}
Kd5 {[%clk 00:08:51]} {[%emt 00:00:20]} 37. Ke2 {[%clk 00:47:02]} {[%emt
00:00:47]} Kc4 {[%clk 00:09:07]} {[%emt 00:00:15]} 38. Kf3 {[%clk 00:46:59]}
{[%emt 00:00:32]} Kb3 {[%clk 00:08:55]} {[%emt 00:00:42]} 39. Ra1 {[%clk
00:46:56]} {[%emt 00:00:33]} Kxb4 {[%clk 00:08:39]} {[%emt 00:00:47]} 40. Rb1+
{[%clk 00:47:08]} {[%emt 00:00:18]} Kc5 {[%clk 00:08:57]} {[%emt 00:00:11]} 41.
Rc1+ {[%clk 00:46:56]} {[%emt 00:00:42]} Kd4 {[%clk 00:09:15]} {[%emt
00:00:12]} 42. Rd1+ {[%clk 00:46:37]} {[%emt 00:00:50]} Kc3 {[%clk 00:09:38]}
{[%emt 00:00:07]} 43. Rc1+ {[%clk 00:46:35]} {[%emt 00:00:32]} Kb2 {[%clk
00:09:55]} {[%emt 00:00:12]} 44. Rc8 {[%clk 00:46:31]} {[%emt 00:00:34]} Rb3+
{[%clk 00:07:57]} {[%emt 00:02:27]} 45. Ke4 {[%clk 00:41:38]} {[%emt 00:05:23]}
Rxh3 {[%clk 00:08:10]} {[%emt 00:00:18]} 46. Kf5 {[%clk 00:41:46]} {[%emt
00:00:22]} Re3 {[%clk 00:07:43]} {[%emt 00:00:57]} 47. Kg6 {[%clk 00:42:04]}
{[%emt 00:00:12]} Re6+ {[%clk 00:06:20]} {[%emt 00:01:53]} 48. Kh5 {[%clk
00:42:08]} {[%emt 00:00:25]} Re5 {[%clk 00:03:53]} {[%emt 00:02:58]} 49. Ra8
{[%clk 00:42:19]} {[%emt 00:00:19]} a5 {[%clk 00:04:13]} {[%emt 00:00:10]} 50.
Kxh6 {[%clk 00:42:28]} {[%emt 00:00:21]} Ka3 {[%clk 00:03:45]} {[%emt
00:00:57]} 51. Kh5 {[%clk 00:42:28]} {[%emt 00:00:32]} Rb5 {[%clk 00:02:42]}
{[%emt 00:01:33]} 52. Ra7 {[%clk 00:42:06]} {[%emt 00:00:52]} a4 {[%clk
00:02:05]} {[%emt 00:01:07]} 53. Kh6 {[%clk 00:42:09]} {[%emt 00:00:26]} Kb3
{[%clk 00:02:16]} {[%emt 00:00:19]} 54. Kh5 {[%clk 00:41:33]} {[%emt 00:01:06]}
a3 {[%clk 00:02:37]} {[%emt 00:00:09]} 55. Ra6 {[%clk 00:41:23]} {[%emt
00:00:41]} a2 {[%clk 00:02:37]} {[%emt 00:00:31]} 56. Ra7 {[%clk 00:41:43]}
{[%emt 00:00:10]} Kb2 {[%clk 00:02:56]} {[%emt 00:00:11]} 57. Ra6 {[%clk
00:42:06]} {[%emt 00:00:07]} a1=Q {[%clk 00:03:10]} {[%emt 00:00:16]} 58. Rxa1
{[%clk 00:42:22]} {[%emt 00:00:14]} Kxa1 {[%clk 00:03:37]} {[%emt 00:00:03]}
59. Kh6 {[%clk 00:42:19]} {[%emt 00:00:33]} f3 {[%clk 00:04:02]} {[%emt
00:00:05]} 60. Kh5 {[%clk 00:42:32]} {[%emt 00:00:16]} f2 {[%clk 00:04:20]}
{[%emt 00:00:11]} 61. Kh6 {[%clk 00:43:15]} {[%emt 00:00:44]} f1=Q {[%clk
00:04:36]} {[%emt 00:00:18]} 62. Kh5 {[%clk 00:43:28]} {[%emt 00:00:16]} Qf7+
{[%clk 00:04:44]} {[%emt 00:00:22]} 63. Kh6 {[%clk 00:43:40]} {[%emt 00:00:16]}
Qg8 {[%clk 00:04:17]} {[%emt 00:00:59]} 64. Kh5 {[%clk 00:43:44]} {[%emt
00:00:27]} Qh7# {[%emt 00:00:49]} 0-1

[Event "DEM U14w 2021"]
[Site "Willingen GER"]
[Date "2021.08.24"]
[Round "3"]
[White "Pohle, Saskia"]
[Black "von Beckh, Frieda"]
[Result "1-0"]
[Termination "normal"]
[Board "1"]
[WhiteElo "1755"]
[BlackElo "1541"]
[WhiteClock "00:19:33"]
[BlackClock "00:11:15"]
[PlyCount "57"]
[WhiteFideId "16201604"]
[BlackFideId "16233751"]
[EventCountry "GER"]
[EventRounds "9"]
[EventType "swiss"]
[EventDate "2021.08.22"]

1. e4 {[%clk 01:30:57]} {[%emt 00:00:02]} c5 {[%clk 01:30:50]} {[%emt
00:00:11]} 2. Nf3 {[%clk 01:31:23]} {[%emt 00:00:04]} Nc6 {[%clk 01:31:08]}
{[%emt 00:00:13]} 3. d4 {[%clk 01:31:48]} {[%emt 00:00:05]} cxd4 {[%emt
00:00:10]} 4. Nxd4 {[%emt 00:00:09]} g6 {[%clk 01:31:07]} {[%emt 00:00:11]} 5.
Nc3 {[%clk 01:32:13]} {[%emt 00:00:05]} Bg7 {[%clk 01:31:27]} {[%emt 00:00:10]}
6. Nb3 {[%clk 01:32:05]} {[%emt 00:00:39]} Nf6 {[%clk 01:29:18]} {[%emt
00:02:39]} 7. Be2 {[%clk 01:32:29]} {[%emt 00:00:06]} O-O {[%clk 01:29:08]}
{[%emt 00:00:38]} 8. O-O {[%clk 01:32:55]} {[%emt 00:00:06]} d6 {[%clk
01:27:39]} {[%emt 00:01:57]} 9. Bg5 {[%clk 01:33:15]} {[%emt 00:00:10]} Bd7
{[%clk 01:26:26]} {[%emt 00:01:42]} 10. Kh1 {[%clk 01:32:56]} {[%emt 00:00:50]}
Qc7 {[%clk 01:13:59]} {[%emt 00:12:57]} 11. Nd5 {[%clk 01:25:22]} {[%emt
00:08:05]} Qb8 {[%clk 01:11:05]} {[%emt 00:03:23]} 12. Nxf6+ {[%clk 01:10:14]}
{[%emt 00:15:39]} exf6 {[%clk 01:10:52]} {[%emt 00:00:42]} 13. Bf4 {[%clk
01:10:25]} {[%emt 00:00:20]} Ne5 {[%clk 01:09:55]} {[%emt 00:01:26]} 14. c4
{[%clk 01:06:31]} {[%emt 00:04:26]} Qc7 {[%clk 01:03:21]} {[%emt 00:07:02]} 15.
Rc1 {[%clk 01:04:35]} {[%emt 00:02:27]} b6 {[%clk 00:56:41]} {[%emt 00:07:10]}
16. Nd4 {[%clk 01:00:59]} {[%emt 00:04:05]} Rfd8 {[%clk 00:55:11]} {[%emt
00:01:59]} 17. Bg3 {[%clk 00:56:57]} {[%emt 00:04:33]} a6 {[%clk 00:46:59]}
{[%emt 00:08:42]} 18. Qd2 {[%clk 00:49:10]} {[%emt 00:08:17]} Bc6 {[%clk
00:42:16]} {[%emt 00:05:13]} 19. f3 {[%clk 00:47:39]} {[%emt 00:02:02]} Bb7
{[%clk 00:37:06]} {[%emt 00:05:39]} 20. Rfd1 {[%clk 00:46:20]} {[%emt
00:01:50]} Rd7 {[%clk 00:34:49]} {[%emt 00:02:47]} 21. b3 {[%clk 00:42:15]}
{[%emt 00:04:35]} Rad8 {[%clk 00:33:38]} {[%emt 00:01:40]} 22. Nc2 {[%clk
00:42:21]} {[%emt 00:00:24]} Nc6 {[%clk 00:28:14]} {[%emt 00:05:55]} 23. Ne3
{[%clk 00:40:18]} {[%emt 00:02:33]} Ne7 {[%clk 00:27:57]} {[%emt 00:00:46]} 24.
b4 {[%clk 00:35:20]} {[%emt 00:05:30]} a5 {[%clk 00:20:38]} {[%emt 00:07:47]}
25. c5 {[%clk 00:31:16]} {[%emt 00:04:35]} Nc6 {[%clk 00:12:41]} {[%emt
00:08:27]} 26. cxd6 {[%clk 00:26:44]} {[%emt 00:05:02]} Qb8 {[%clk 00:12:36]}
{[%emt 00:00:34]} 27. Nd5 {[%clk 00:26:09]} {[%emt 00:01:05]} Ne5 {[%clk
00:11:26]} {[%emt 00:01:40]} 28. f4 {[%clk 00:22:35]} {[%emt 00:04:05]} Nc6
{[%clk 00:11:15]} {[%emt 00:00:41]} 29. Bb5 {[%clk 00:19:33]} {[%emt 00:03:32]}
1-0